80's Songs by Lyrics #2 - Statistics

General Stats
  • This quiz has been taken 446 times
  • The average score is 5 of 15
Answer Stats
Lyrics Song % Correct
You were working as a waitress in a cocktail bar Don’t You Want Me
62%
Cause the boy with the cold hard cash is always Mister Right Material Girl
45%
She’s in to superstition, black cats and voodoo dolls Livin’ La Vida Loca
41%
And I’ve been waiting for this moment for all my life, oh Lord In the Air Tonight
40%
She hears only whispers of some quiet conversation Africa
39%
See the stone set in your eyes, see the thorn twist in your side With or Without You
36%
Sometimes I feel I’ve got to run away Tainted Love
35%
Take your passion and make it happen What a Feeling
32%
I have run, I have crawled. I have scaled these city walls I Still Haven’t Found What I’m Looking For
30%
One day is fine and next is black Should I Stay or Should I Go
26%
Listen to the radio, don’t you remember? We Built This City
23%
Living easy, loving free, season ticket on a one-way ride Highway to Hell
22%
You send my soul sky high when your lovin’ starts Wake Me Up Before You Go-Go
17%
We look for love, no time for tears Just the Two of Us
6%
You looked at me and you see your past Break My Stride
3%
No matching quizzes found
Score Distribution
Percent of People with Each Score
Percentile by Number Answered
Your Score History
You have not taken this quiz